| 000 | 00978nmm a2200277 a 4500 | ||
|---|---|---|---|
| 001 | ocm000703572 | ||
| 003 | TR-IsHL | ||
| 005 | 20201028153546.0 | ||
| 008 | 140402s2006 tu tur | ||
| 007 | cr cn | ||
| 035 |
_a703572 _b(N$T) |
||
| 050 | 0 | 4 |
_aDF895 _b.O74 2006 |
| 090 | 0 | 4 |
_aDF895 _b.O74 2006 |
| 100 | 1 | _aAli, Örenç Fuat | |
| 245 | 1 | 0 |
_aYakındönem tarihimizde Rodos ve Oniki Ada _h[electronic resource] / _cÖrenç Fuat Ali |
| 260 |
_aİstanbul : _bDoğu Kütüphanesi Yayınları, _c2006 |
||
| 300 | _a608 p. | ||
| 650 | 4 | _aTarih | |
| 650 | 4 | _aHistory | |
| 650 | 0 |
_aOniki Ada (Yunanistan) _x 19. Yüzyıl. |
|
| 650 | 0 |
_aDodekanesos (Greece) _x 19th century |
|
| 650 | 0 |
_aOniki Ada (Yunanistan) _x 20. Yüzyıl |
|
| 650 | 0 |
_aDodekanesos (Greece) _x 20th century |
|
| 650 | 7 |
_aHISTORY / Europe / Greece (see also Ancient / Greece) _2bisacsh |
|
| 856 | 4 | 0 | _uhttp://search.ebscohost.com/login.aspx?direct=true&scope=site&db=e011xww&AN=703572 |
| 999 |
_c12111 _d12111 |
||